| 000 | 00673nam a2200217Ia 4500 | ||
|---|---|---|---|
| 008 | 191130s2009##################000#0#eng## | ||
| 020 | _a9780470457382 | ||
| 040 |
_aACL _cACL |
||
| 082 | _a302.231 WEB | ||
| 100 | _aWeber, Larry | ||
| 245 |
_aSticks & stones : how digital reputations are created over time and lost in a click _cLarry weber |
||
| 260 |
_aHoboken, NJ _bWiley _c2009 |
||
| 300 | _axiii., 226p ;23cm | ||
| 500 | _aIncludes bibliographical references | ||
| 650 | _aInternet in public relations | ||
| 650 | _aInternet in publicity | ||
| 650 | _aPublic relations | ||
| 990 | _ab45745a3ac10000c104e266dbe1b7eb7 | ||
| 991 | _a225271 | ||
| 999 |
_c391686 _d391686 |
||